Sports Quiz

Random Sports or NHL Quiz
Score 0/50 Timer 05:00
0 Plays Today
Season Answer % Correct
2009-10Eric Staal
97.8%
2009-10Eric Staal
97.8%
2010-11Eric Staal
97.8%
2010-11Eric Staal
97.8%
2010-11Eric Staal
97.8%
2011-12Eric Staal
97.8%
2011-12Eric Staal
97.8%
2011-12Eric Staal
97.8%
2012-13*Eric Staal
97.8%
2012-13*Eric Staal
97.8%
2012-13*Eric Staal
97.8%
2013-14Eric Staal
97.8%
2013-14Eric Staal
97.8%
2013-14Eric Staal
97.8%
2014-15Eric Staal
97.8%
2014-15Eric Staal
97.8%
2017-18Sebastian Aho
97.8%
2017-18Sebastian Aho
97.8%
2018-19Sebastian Aho
97.8%
2018-19Sebastian Aho
97.8%
2015-16Jordan Staal
97.2%
2015-16Jordan Staal
97.2%
2016-17Jordan Staal
97.2%
2013-14Jeff Skinner
86.2%
2015-16Jeff Skinner
86.2%
Season Answer % Correct
2015-16Jeff Skinner
86.2%
2016-17Jeff Skinner
86.2%
2016-17Jeff Skinner
86.2%
2017-18Teuvo Teravainen
80.1%
2018-19Teuvo Teravainen
80.1%
2016-17Brett Pesce
76.2%
2014-15Justin Faulk
74%
2018-19Brett Pesce
70.2%
2017-18Justin Williams
69.6%
2018-19Andrei Svechnikov
42.5%
2009-10Jussi Jokinen
42%
2016-17Elias Lindholm
39.2%
2012-13*Jiri Tlusty
34.8%
2012-13*Jiri Tlusty
34.8%
2010-11Tim Gleason
24.9%
2011-12Tim Gleason
24.9%
2010-11Brandon Sutter
12.7%
2013-14Andrej Sekera
11.6%
2014-15Brad Malone
7.7%
2015-16Brad Malone
7.7%
2011-12Bryan Allen
7.2%
2017-18Trevor van Riemsdyk
7.2%
2014-15Andrej Nestrasil
5.5%
2009-10Tom Kostopoulos
5%
2009-10Andrew Alberts
3.9%
Remove Ads.
Support Sporcle.
Get the best of Sporcle when you Go Orange. This ad-free experience offers more features, more stats, and more fun while also helping to support Sporcle. Thank you for becoming a member.

You're not logged in!

Compare scores with friends on all Sporcle quizzes.
OR
Log In

Show Comments

Extras

Created Sep 23, 2019ReportNominate
Tags:Hockey Quiz, NHL Quiz

Top Quizzes Today


Score Distribution

Your Account Isn't Verified!

In order to create a playlist on Sporcle, you need to verify the email address you used during registration. Go to your Sporcle Settings to finish the process.

Report this User

Report this user for behavior that violates our Community Guidelines.

Details: